Biblioteca y Centro de Documentación

Vista normal Vista MARC

Entrada Título Uniforme

Número de registros utilizados en: 2

001 - NÚMERO DE CONTROL

  • Campo de control: 33239

003 - IDENTIFICADOR DE NÚMERO DE CONTROL

  • Campo de control: ES-MaCES

005 - FECHA Y HORA DE LA ULTIMA MODIFICACION

  • Campo de control: 19990610170100.0

008 - ELEMENTOS DE DATOS DE LONGITUD FIJA

  • Campo de longitud fija: 990610 | azznnaabn |n ana d

035 ## - NÚMERO DE CONTROL DEL SISTEMA

  • Número de control del sistema: CES19990001595t

040 ## - FUENTE DE LA CATALOGACIÓN

  • Agencia original de catalogación: ES-MaCES
  • Idioma de catalogación: spa
  • Agencia de transcripción: ES-MaCES

130 #0 - ENCABEZAMIENTO--TÍTULO UNIFORME

  • Título uniforme: Proyecto 2001 : Mesta

901 ## - CES. DATOS SIRTEX

  • ID Sirtex (N5N8): 0002300001318
  • 005BIS Sirtex: 199906101701ANABEL
© CES, Consejo Económico y Social de España 2021